Etica para seguir creciendo: cuando la globalización se ha instalado en la empresa
Guardado en:
| Autor principal: | |
|---|---|
| Otros Autores: | |
| Formato: | Libro |
| Lenguaje: | español |
| Publicado: |
Madrid
Pearson Educación
2001
|
| Materias: | |
| Etiquetas: |
Agregar Etiqueta
Sin Etiquetas, Sea el primero en etiquetar este registro!
|
MARC
| LEADER | 00000nam a2200000 a 4500 | ||
|---|---|---|---|
| 001 | UCM6748 | ||
| 003 | CL-VaPUC | ||
| 008 | 021122e20010000SP |||||||||||||||||spa|d | ||
| 082 | 0 | 4 | |a 306.3613 |b MUL |2 21 |
| 100 | |a Mulder Duclós, Enrique de |e autor |9 472575 | ||
| 700 | |a Ortiz Ibarz, José María |e autor |9 351659 | ||
| 245 | 1 | 0 | |a Etica para seguir creciendo: cuando la globalización se ha instalado en la empresa |
| 300 | |a 138 p | ||
| 942 | |c BK | ||
| 945 | |d 20021122 00:00:00 |a cmena | ||
| 260 | |a Madrid |b Pearson Educación |c 2001 | ||
| 650 | 0 | |a Ética empresarial |9 428363 | |
| 650 | 7 | |a DESARROLLO MORAL |2 CL-VaPUC |9 310605 | |
| 650 | 0 | |a Aspectos morales y éticos |9 255877 | |
| 650 | 0 | |a Empresas |9 255569 | |
| 583 | |a last modification |c 20021122 00:00:00 |k Rodrigo Vera | ||
| 999 | |c 301976 |d 301974 | ||
| 952 | |0 0 |1 0 |4 0 |6 306_361300000000000_MUL_2001 |7 0 |8 A |9 361934 |a BIBENE |b BIBENE |d 2019-11-21 |i 3859878 |o 306.3613 MUL 2001 |p 3859878 |r 2025-01-15 |w 2019-11-21 |y BK |k ICO | ||